| 000 | 00601nam a2200205Ia 4500 | ||
|---|---|---|---|
| 001 | 49063 | ||
| 003 | OSt | ||
| 005 | 20150701104304.0 | ||
| 008 | 140430s9999 xx 000 0 und d | ||
| 020 | _a9693513622 | ||
| 040 | _cPK-LaUMT | ||
| 082 |
_a 891.4393 _bRAZ-F |
||
| 100 | _aRazia Butt(رضیہ بٹ) | ||
| 245 |
_aFaasile (Urdu)(فسائل) _cRazia Butt(رضیہ بٹ) |
||
| 260 |
_aLahore,Pakistan:(لاہور، پاکستان) _bSang-e-Meel Publications,(سنگ میل پبلیکیشنز) _c2008 |
||
| 300 | _a384 p. | ||
| 546 | _aUR | ||
| 650 | _aUrdu literature-Novel | ||
| 942 |
_cBK _2ddc |
||
| 999 |
_c46833 _d46833 |
||